Psycholinguistics on the threshold of the year 2000: proceeedings of the 5th international Congress

Kaydedildi:
Detaylı Bibliyografya
Asıl Yazarlar: Pinto, Maria da Graca (Yazar), Veloso, Joao (Yazar), Maia, Belinda (Yazar)
Materyal Türü: Kitap
Dil:İngilizce
Portekizce
Baskı/Yayın Bilgisi: Oporto Universidade do Porto 1999
Konular:
Etiketler: Etiketle
Etiket eklenmemiş, İlk siz ekleyin!

MARC

LEADER 00000nam a2200000 a 4500
001 UCN5831
003 CL-VaPUC
005 20240830151604.0
008 010913e19990000po 1 eng d
041 0 7 |a eng  |2 CL-VaPUC 
041 0 7 |a por  |2 CL-VaPUC 
082 0 4 |a 401.09  |b PIN  |2 21 
100 1 |a Pinto, Maria da Graca  |e author  |9 619962 
700 1 |a Veloso, Joao  |e author  |9 619963 
700 1 |a Maia, Belinda  |e author  |9 619964 
245 1 0 |a Psycholinguistics on the threshold of the year 2000: proceeedings of the 5th international Congress 
260 |a Oporto  |b Universidade do Porto  |c 1999 
300 |a 858 p 
583 |a last modification  |c 20010913 00:00:00  |k Rodrigo Vera 
650 0 0 |a Psicolingüística   |9 283371 
650 0 0 |a Comprensión   |9 339377 
650 0 0 |a Lingüística  |9 265068 
650 0 0 |a Lenguaje infantil   |9 314705 
650 0 0 |a Bilingüismo  |9 307482 
650 0 0 |a Traducción   |9 357261 
650 0 0 |a Trastornos del lenguaje  |9 336278 
650 0 0 |a Lenguaje corporal  |9 308592 
650 0 7 |a PSICOLINGUISTICA APLICADA  |2 CL-VaPUC  |9 619965 
650 0 0 |a Congresos  |9 257560 
942 |c BK 
945 |a rbrito  |d 20010913 00:00:00 
546 |a En Inglés 
546 |a En Portugués 
536 |a ISAPL'97 
518 |p International Congress of the International Society of Applied Psycholinguistcs, 5, Porto, 1997 
999 |c 383687  |d 383685 
952 |0 0  |1 0  |4 0  |6 401_090000000000000_PIN_1999  |7 0  |8 A  |9 505897  |a FDOPOS  |b FDOPOS  |d 2020-01-23  |i 3695565  |o 401.09 PIN 1999  |p 3695565  |r 2025-01-22  |w 2020-01-23  |y BK  |k MLA